| 000 | 00758cam a2200217 4500 | ||
|---|---|---|---|
| 001 | ##D8687 | ||
| 008 | 090401t1983 xxu||||| |||| 00| 0 eng d | ||
| 035 | _a(Sirsi) u14605 | ||
| 041 | 0 | _aeng | |
| 050 | 0 | 4 | _a526.902462 |
| 100 | 1 | _aShepherd, F. A. | |
| 245 | 0 | 0 |
_aEngineering surveying _bproblems and solutions |
| 250 | _a2nd ed. | ||
| 260 |
_aLondon _bEdward Arnold _c1983 |
||
| 300 |
_aix, 370p. _c24cm. |
||
| 350 | _a12.75 | ||
| 520 | _aComplements "Advanced Engineering Surveying" (see D8682). Deals with the theory and mathematical practice of basic plane surveying as applied to construction and mining engineering projects. | ||
| 690 | _aENVIRONMENTAL AND LAND CONSULTANCY-GEOMATICS-ENGINEERING SURVEYING | ||
| 942 | _n0 | ||
| 948 | _c04/03/1997 | ||
| 999 |
_c87196 _d87196 |
||